The Drama of Migration and Identity Against the Backdrop of Austrian Anti-Homeland Literature and the Novel Drama
Práca skúma román Dráma (2023) rakúskeho autora Arada Dabiriho cez optiku rakúskej anti-heimatskej (proti-vlastnej) literatúry a sociálno-psychologických dôsledkov migrácie, konfliktu identity a traumy. Vychádzajúc z Viedenskej školy kritickej diskurzívnej analýzy a teórie pripútanosti, štúdia skúma...
Guardado en:
| Autor principal: | |
|---|---|
| Formato: | Capítulo de libro |
| Lenguaje: | eslovaco |
| Materias: | |
| Etiquetas: |
Sin Etiquetas, Sea el primero en etiquetar este registro!
|
MARC
| LEADER | 00000naa a2200000 4500 | ||
|---|---|---|---|
| 001 | 0313456 | ||
| 005 | 20260109120424.0 | ||
| 041 | 0 | |a slo | |
| 044 | |a SK | ||
| 245 | 1 | 0 | |a The Drama of Migration and Identity Against the Backdrop of Austrian Anti-Homeland Literature and the Novel Drama |c Eva Höhn |
| 520 | |a Práca skúma román Dráma (2023) rakúskeho autora Arada Dabiriho cez optiku rakúskej anti-heimatskej (proti-vlastnej) literatúry a sociálno-psychologických dôsledkov migrácie, konfliktu identity a traumy. Vychádzajúc z Viedenskej školy kritickej diskurzívnej analýzy a teórie pripútanosti, štúdia skúma, ako Dabiri zobrazuje Viedeň, nie ako bezpečnú vlasť, ale ako sporný, odcudzujúci priestor nabitý osobným aj politickým významom. | ||
| 610 | 2 | 0 | |a filológia |
| 610 | 2 | 0 | |a literatúra |
| 610 | 2 | 0 | |a migrácia |
| 610 | 2 | 0 | |a Rakúsko |
| 100 | 1 | |a Höhn, Eva, 1968- | |